000
00325nam a2200121 a 4500
005
20141022141958.0
008
120306s19uu xx 00 eng d
050
_a
CD-ROM
_b
D36 2005
100
_a
Dehaan, Jen
245
_a
Animation and effects with macromedia flash MX 2004 /
_c
Jen Dehaan.
260
_c
2005.
942
_c
AVM
999
_c
276093
_d
276093